000
00285nam a2200133 4500
008
211019b ||||| |||| 00| 0 eng d
041
_a
eng
080
_2
2nd
_a
721
082
_a
721
100
_a
41
101
_a
NDE
245
_a
A Basic Asphalt Emulsion Manual
942
_2
ddc
_c
BK
999
_c
58262
_d
58262